[Event "LTU-chT"]
[Site "Lithuania"]
[Date "2017.03.18"]
[Round "6.4"]
[White "Tvarijonas, Povilas"]
[Black "Pultinevicius, Paulius"]
[Result "0-1"]
[WhiteElo "2361"]
[BlackElo "2391"]
[PlyCount "90"]
[EventDate "2017.01.28"]
[EventType "team-swiss"]
[EventRounds "7"]
[EventCountry "LTU"]
[SourceTitle "EXT 2018"]
[Source "ChessBase"]
[SourceDate "2017.10.13"]
[SourceVersion "1"]
[SourceVersionDate "2017.10.13"]
[SourceQuality "1"]
[WhiteTeam "Kaunas KTU"]
[BlackTeam "Marijampole Suduva"]
[WhiteTeamCountry "LTU"]
[BlackTeamCountry "LTU"]

1. e4 e5 2. Nf3 Nc6 3. Bb5 a6 4. Ba4 Nf6 5. 0-0 Be7 6. c3 Nxe4 7. Re1 Nc5 8. Bxc6 dxc6 9. Nxe5 Be6 10. Qh5 0-0 11. d4 Nd7 12. Nd2 a5 13. Ne4 Nf6 14. Nxf6+ Bxf6 15. f4 g6 16. Qf3 Bg7 17. Be3 a4 18. a3 Re8 19. Rad1 Qd5 20. Qf2 f6 21. Nd3 Bf5 22. Nb4 Qb3 23. h3 Be4 24. Rd2 f5 25. Nd3 Bxd3 26. Rxd3 Re4 27. Bc1 Rae8 28. Rde3 Rxe3 29. Rxe3 Qd1+ 30. Kh2 Kf7 31. Rxe8 Kxe8 32. Be3 Bf6 33. Bd2 Kd7 34. Qe3 Qc2 35. Bc1 Kd6 36. Kg3 Kd5 37. Kf3 Qe4+ 38. Kf2 Kc4 39. Qe2+ Qxe2+ 40. Kxe2 h5 41. Kd2 Kb3 42. Kd3 b5 43. Kd2 Bh4 44. Kd3 Bg3 45. d5 cxd5 0-1

[Event "LTU-chT"]
[Site "Lithuania"]
[Date "2017.01.29"]
[Round "2.5"]
[White "Tvarijonas, Povilas"]
[Black "Bieliauskas, Marius"]
[Result "1-0"]
[WhiteElo "2361"]
[BlackElo "2154"]
[PlyCount "117"]
[EventDate "2017.01.28"]
[EventType "team-swiss"]
[EventRounds "7"]
[EventCountry "LTU"]
[SourceTitle "CBM 176 Extra"]
[Source "ChessBase"]
[SourceDate "2017.03.02"]
[SourceVersion "1"]
[SourceVersionDate "2017.03.02"]
[SourceQuality "1"]
[WhiteTeam "Kaunas KTU"]
[BlackTeam "Rokiskis"]
[WhiteTeamCountry "LTU"]
[BlackTeamCountry "LTU"]

1. e4 c6 2. c4 d5 3. exd5 cxd5 4. cxd5 Nf6 5. Bb5+ Nbd7 6. Nc3 a6 7. Qa4 g6 8. Nf3 Bg7 9. 0-0 0-0 10. Bxd7 Bxd7 11. Qb3 b5 12. d4 Bc8 13. a4 Bb7 14. axb5 axb5 15. Rxa8 Bxa8 16. Qxb5 Nxd5 17. Bg5 h6 18. Be3 Qd6 19. Nxd5 Qxd5 20. Qxd5 Bxd5 21. b4 Rb8 22. Rb1 Be4 23. Rb2 Rb5 24. Kf1 g5 25. Ke2 g4 26. Ne5 Bxg2 27. Nxg4 h5 28. Ne5 f6 29. Ng6 e5 30. dxe5 fxe5 31. Bc5 Kf7 32. Nh4 Bh3 33. Ra2 Rb7 34. Nf3 Bd7 35. Ng5+ Kg6 36. Ne4 Bb5+ 37. Kf3 Rf7+ 38. Kg2 h4 39. f3 Bd3 40. Rd2 h3+ 41. Kg3 Bb5 42. Rd6+ Kh5 43. Be3 Be2 44. Kxh3 Bf1+ 45. Kg3 Bf8 46. Re6 Be2 47. Rxe5+ Kg6 48. Bf4 Bxb4 49. Kg4 Be7 50. Re6+ Kh7 51. Nf6+ Bxf6 52. Rxe2 Rg7+ 53. Kf5 Rf7 54. Re6 Bd8+ 55. Ke4 Bf6 56. Bd6 Bh4 57. Be5 Ra7 58. f4 Ra4+ 59. Kf5 1-0

[Event "LTU-chT"]
[Site "Lithuania"]
[Date "2016.02.06"]
[Round "3.1"]
[White "Lazaravicius, Aras Jonas"]
[Black "Tvarijonas, Povilas"]
[Result "0-1"]
[WhiteElo "1886"]
[BlackElo "2347"]
[PlyCount "58"]
[EventDate "2016.01.23"]
[EventType "team-swiss"]
[EventRounds "7"]
[EventCountry "LTU"]
[SourceTitle "CBM 170 Extra"]
[Source "ChessBase"]
[SourceDate "2016.02.25"]
[SourceVersion "1"]
[SourceVersionDate "2016.02.25"]
[SourceQuality "1"]
[WhiteTeam "Kaunas Margiris II"]
[BlackTeam "Kaunas TU"]
[WhiteTeamCountry "LTU"]
[BlackTeamCountry "LTU"]

1. d4 d5 2. c4 e6 3. Nc3 Nf6 4. cxd5 exd5 5. Bg5 Be7 6. e3 Nbd7 7. Bd3 0-0 8. Qc2 h6 9. Bh4 c5 10. Nf3 cxd4 11. Nxd4 Nc5 12. Bf5 Be6 13. 0-0 Rc8 14. Qe2 Qd7 15. Bxe6 fxe6 16. Rad1 a6 17. Nf3 Bd6 18. Bxf6 Rxf6 19. e4 dxe4 20. Nxe4 Nxe4 21. Qxe4 Qc7 22. h3 Rcf8 23. Nd4 Qf7 24. f3 Rf4 25. Qc2 Bb8 26. Kh1 Rh4 27. Ne2 Qh5 28. Nd4 Rxd4 29. Rxd4 Qe5 0-1

[Event "Riga Tech op 2nd"]
[Site "Riga"]
[Date "2012.08.07"]
[Round "2"]
[White "Tvarijonas, Povilas"]
[Black "Fridman, Daniel"]
[Result "0-1"]
[WhiteElo "2324"]
[BlackElo "2653"]
[PlyCount "82"]
[EventDate "2012.08.06"]
[EventType "swiss"]
[EventRounds "9"]
[EventCountry "LAT"]
[SourceTitle "CBM 149 Extra"]
[Source "ChessBase"]
[SourceDate "2012.08.24"]
[SourceVersion "1"]
[SourceVersionDate "2012.08.24"]
[SourceQuality "1"]

1. e4 c6 2. d4 d5 3. exd5 cxd5 4. Bd3 Nc6 5. c3 Qc7 6. Bg5 Nf6 7. Nd2 Bg4 8. Ngf3 e6 9. 0-0 Bd6 10. h3 Bh5 11. Qa4 Bg6 12. Bxg6 hxg6 13. Rfe1 0-0 14. Re2 b5 15. Qc2 Rac8 16. Qd3 b4 17. Rc1 bxc3 18. Rxc3 Qb6 19. Rb3 Nb4 20. Qb1 Qa6 21. Re1 Qxa2 22. Qxa2 Nxa2 23. Ra1 Rc1+ 24. Rxc1 Nxc1 25. Rb7 a5 26. Nc4 dxc4 27. Bxc1 Rb8 28. Rxb8+ Bxb8 29. g3 Nd5 30. Kf1 a4 31. Ke2 Ba7 32. Kd2 f6 33. Kc2 Kf7 34. Bd2 Ke7 35. Bc3 Kd6 36. Be1 Kc6 37. h4 Kb5 38. Bc3 Bb6 39. g4 Nb4+ 40. Bxb4 Kxb4 41. g5 Ba7 0-1

[Event "LTU-chT"]
[Site "Lithuania"]
[Date "2012.03.04"]
[Round "7"]
[White "Beliajeva, Olga"]
[Black "Tvarijonas, Povilas"]
[Result "0-1"]
[WhiteElo "1953"]
[BlackElo "2309"]
[PlyCount "106"]
[EventDate "2012.01.21"]
[EventType "team-swiss"]
[EventRounds "7"]
[EventCountry "LTU"]
[SourceTitle "EXT 2013"]
[Source "ChessBase"]
[SourceDate "2012.11.22"]
[SourceVersion "1"]
[SourceVersionDate "2012.11.22"]
[SourceQuality "1"]
[WhiteTeam "Klaipeda Bokstas"]
[BlackTeam "Kaunas Trys nuliai"]
[WhiteTeamCountry "LTU"]
[BlackTeamCountry "LTU"]

1. e4 c5 2. c3 d5 3. exd5 Qxd5 4. d4 Nf6 5. Nf3 Bg4 6. Be2 e6 7. 0-0 Be7 8. Be3 cxd4 9. cxd4 Nc6 10. Nc3 Qa5 11. Qb3 Qb4 12. Qxb4 Nxb4 13. Bb5+ Kf8 14. Ne5 a6 15. Ba4 Bf5 16. a3 Nbd5 17. Rac1 Bd6 18. Nxd5 Nxd5 19. Nc4 Be7 20. Bc2 Bxc2 21. Rxc2 f6 22. Na5 b6 23. Nb3 Ke8 24. Rfc1 Kd7 25. Kf1 g5 26. Ke2 h5 27. Nd2 Bd6 28. h3 Rhg8 29. Rh1 Rac8 30. Rxc8 Rxc8 31. Kd1 Bf4 32. Re1 f5 33. Nf3 g4 34. hxg4 hxg4 35. Bxf4 gxf3 36. Be5 fxg2 37. Rg1 Rg8 38. Ke2 Kc6 39. Kf3 a5 40. b3 Kb5 41. Bd6 a4 42. bxa4+ Kxa4 43. Rxg2 Rd8 44. Bb4 Nxb4 45. axb4 Rxd4 46. Ke3 Re4+ 47. Kd3 Kxb4 48. Rg1 Kc5 49. Rc1+ Kd5 50. Rb1 Rd4+ 51. Ke3 Kc5 52. f3 f4+ 53. Ke2 b5 0-1

[Event "LTU-chT"]
[Site "Lithuania"]
[Date "2012.02.11"]
[Round "3"]
[White "Tvarijonas, Povilas"]
[Black "Berginas, Sigitas"]
[Result "1-0"]
[WhiteElo "2309"]
[BlackElo "1688"]
[PlyCount "41"]
[EventDate "2012.01.21"]
[EventType "team-swiss"]
[EventRounds "7"]
[EventCountry "LTU"]
[SourceTitle "CBM 146 Extra"]
[Source "ChessBase"]
[SourceDate "2012.02.29"]
[SourceVersion "1"]
[SourceVersionDate "2012.02.29"]
[SourceQuality "1"]
[WhiteTeam "Kaunas Trys nuliai"]
[BlackTeam "LASF"]
[WhiteTeamCountry "LTU"]
[BlackTeamCountry "LTU"]

1. e4 e6 2. d4 d5 3. exd5 exd5 4. c4 c5 5. Nc3 dxc4 6. d5 a6 7. a4 Bd6 8. Bxc4 Nf6 9. Qe2+ Qe7 10. Qxe7+ Kxe7 11. Bg5 h6 12. Bh4 g5 13. Bg3 Re8 14. 0-0-0 Bxg3 15. hxg3 h5 16. d6+ Kf8 17. Nd5 Nxd5 18. Bxd5 Bd7 19. Rxh5 Bxa4 20. Nf3 f6 21. Rdh1 1-0

[Event "LTU-chT"]
[Site "Lithuania"]
[Date "2012.02.11"]
[Round "4"]
[White "Tvarijonas, Povilas"]
[Black "Savickiene, Virginija"]
[Result "1-0"]
[WhiteElo "2309"]
[BlackElo "1790"]
[PlyCount "41"]
[EventDate "2012.01.21"]
[EventType "team-swiss"]
[EventRounds "7"]
[EventCountry "LTU"]
[SourceTitle "CBM 146 Extra"]
[Source "ChessBase"]
[SourceDate "2012.02.29"]
[SourceVersion "1"]
[SourceVersionDate "2012.02.29"]
[SourceQuality "1"]
[WhiteTeam "Kaunas Trys nuliai"]
[BlackTeam "Ukmerge Juodasis"]
[WhiteTeamCountry "LTU"]
[BlackTeamCountry "LTU"]

1. e4 d6 2. d4 Nf6 3. Nc3 g6 4. f4 Bg7 5. Nf3 0-0 6. e5 dxe5 7. fxe5 Nd5 8. Bc4 Nb6 9. Bb3 Bg4 10. 0-0 Nc6 11. Be3 Na5 12. h3 Nxb3 13. axb3 Bc8 14. Qd2 f6 15. Bh6 Be6 16. exf6 exf6 17. Rae1 Qd7 18. Ne4 Bd5 19. Nc5 Qc6 20. c4 Bxf3 21. Re6 1-0

[Event "LTU-chT"]
[Site "Lithuania"]
[Date "2012.01.21"]
[Round "1"]
[White "Slusnys, Evaldas"]
[Black "Tvarijonas, Povilas"]
[Result "0-1"]
[WhiteElo "1894"]
[BlackElo "2309"]
[PlyCount "64"]
[EventDate "2012.01.21"]
[EventType "team-swiss"]
[EventRounds "7"]
[EventCountry "LTU"]
[SourceTitle "CBM 146 Extra"]
[Source "ChessBase"]
[SourceDate "2012.02.29"]
[SourceVersion "1"]
[SourceVersionDate "2012.02.29"]
[SourceQuality "1"]
[WhiteTeam "Kretinga Akmena"]
[BlackTeam "Kaunas Trys nuliai"]
[WhiteTeamCountry "LTU"]
[BlackTeamCountry "LTU"]

1. e4 c5 2. Nc3 Nc6 3. g3 g6 4. Bg2 Bg7 5. d3 e6 6. Be3 Nd4 7. Qd2 Rb8 8. Nd1 d6 9. c3 Nc6 10. Nf3 h5 11. d4 cxd4 12. cxd4 Nf6 13. Nc3 Ng4 14. Bg5 f6 15. h3 Nxf2 16. Rf1 fxg5 17. Rxf2 g4 18. Qg5 Qxg5 19. Nxg5 Bxd4 20. Rf1 Rf8 21. Ke2 Rxf1 22. Rxf1 Bxc3 23. bxc3 Ne5 24. hxg4 b6 25. Rd1 hxg4 26. Rxd6 Ke7 27. Rd1 Kf6 28. Nh7+ Kg7 29. Rh1 Ba6+ 30. Ke3 Nc4+ 31. Kf4 Rh8 32. e5 Rxh7 0-1

[Event "Baltija Cup op-A"]
[Site "Palanga"]
[Date "2011.06.21"]
[Round "5"]
[White "Stremavicius, Titas"]
[Black "Tvarijonas, Povilas"]
[Result "1-0"]
[WhiteElo "2002"]
[BlackElo "2372"]
[PlyCount "53"]
[EventDate "2011.06.19"]
[EventType "swiss"]
[EventRounds "8"]
[EventCountry "LTU"]
[SourceTitle "EXT 2012"]
[Source "ChessBase"]
[SourceDate "2011.11.24"]
[SourceVersion "1"]
[SourceVersionDate "2011.11.24"]
[SourceQuality "1"]

1. d4 d5 2. c4 e6 3. Nc3 Nf6 4. cxd5 exd5 5. Bg5 c6 6. Nf3 Qb6 7. Qc2 Nbd7 8. e3 Bd6 9. Bd3 h6 10. Bh4 0-0 11. 0-0 Re8 12. Rab1 Qc7 13. Rfc1 Qb8 14. b4 a6 15. Re1 Nh5 16. e4 dxe4 17. Nxe4 Bf8 18. Bc4 Nb6 19. Bxf7+ Kxf7 20. Neg5+ hxg5 21. Nxg5+ Kf6 22. Rxe8 Bd6 23. Qh7 Nf4 24. Ne6+ Kf7 25. Qxg7+ Kxe8 26. Qf8+ Kd7 27. Qf7+ 1-0

[Event "Baltija Cup op-A"]
[Site "Palanga"]
[Date "2011.06.20"]
[Round "3"]
[White "Juknis, Paulius"]
[Black "Tvarijonas, Povilas"]
[Result "1-0"]
[WhiteElo "2112"]
[BlackElo "2372"]
[PlyCount "87"]
[EventDate "2011.06.19"]
[EventType "swiss"]
[EventRounds "8"]
[EventCountry "LTU"]
[SourceTitle "EXT 2012"]
[Source "ChessBase"]
[SourceDate "2011.11.24"]
[SourceVersion "1"]
[SourceVersionDate "2011.11.24"]
[SourceQuality "1"]

1. e4 c5 2. Nc3 Nc6 3. Bb5 g6 4. Bxc6 bxc6 5. f4 Bg7 6. Nf3 d5 7. e5 Bg4 8. 0-0 Nh6 9. d3 Nf5 10. Ne2 e6 11. Qe1 h5 12. Qf2 Qe7 13. Be3 Nxe3 14. Qxe3 Rb8 15. b3 h4 16. h3 Bf5 17. c3 Bf8 18. c4 d4 19. Qd2 Qc7 20. Ng5 Bh6 21. Nf3 Qd8 22. b4 cxb4 23. Nfxd4 Bxd3 24. Qxd3 c5 25. Qe4 cxd4 26. Nxd4 0-0 27. c5 Qc7 28. c6 Bg7 29. Rfc1 g5 30. Nf3 gxf4 31. Qxf4 f6 32. Qxh4 b3 33. axb3 Rxb3 34. Ra4 Rxf3 35. gxf3 Qxe5 36. Qf4 Qb8 37. Kh1 Kh7 38. Qc4 Qb2 39. c7 Rc8 40. Rb4 Qa3 41. Rb3 Qd6 42. Qd3+ Qxd3 43. Rxd3 Bh6 44. Rd8 1-0

[Event "Baltija Cup op-A"]
[Site "Palanga"]
[Date "2011.06.20"]
[Round "2"]
[White "Tvarijonas, Povilas"]
[Black "Batkovskyte, Dominyka"]
[Result "1-0"]
[WhiteElo "2372"]
[BlackElo "2019"]
[PlyCount "85"]
[EventDate "2011.06.19"]
[EventType "swiss"]
[EventRounds "8"]
[EventCountry "LTU"]
[SourceTitle "EXT 2012"]
[Source "ChessBase"]
[SourceDate "2011.11.24"]
[SourceVersion "1"]
[SourceVersionDate "2011.11.24"]
[SourceQuality "1"]

1. e4 e6 2. d4 d5 3. exd5 exd5 4. Bd3 Nc6 5. c3 Bd6 6. Qf3 Nce7 7. Ne2 Nf6 8. Bg5 Bg4 9. Qe3 Qd7 10. h3 Bf5 11. Bxf6 gxf6 12. Nd2 Bg6 13. 0-0-0 0-0-0 14. f4 Rde8 15. g4 Nf5 16. Qf2 Ne3 17. f5 Nxd1 18. Rxd1 Qa4 19. Bb1 Kb8 20. Nf4 Qb5 21. Bd3 Qa5 22. Kb1 c6 23. Ng2 Qc7 24. h4 Rhg8 25. Qf3 Bh5 26. gxh5 Rg3 27. Qf1 Reg8 28. Ne1 Bf4 29. Ndf3 Be3 30. c4 Qf4 31. cxd5 cxd5 32. Bc2 a6 33. Rd3 Re8 34. a3 Ka8 35. Ka2 Re4 36. Qe2 Bc1 37. Qd1 Be3 38. Rb3 Re7 39. Qe2 Re8 40. Bb1 Re7 41. Bd3 Re8 42. Qc2 Re7 43. Qc5 1-0

[Event "LTU-ch"]
[Site "Nemencine"]
[Date "2011.04.29"]
[Round "7"]
[White "Tvarijonas, Povilas"]
[Black "Klabis, Rokas"]
[Result "0-1"]
[WhiteElo "2373"]
[BlackElo "2004"]
[PlyCount "138"]
[EventDate "2011.04.25"]
[EventType "swiss"]
[EventRounds "9"]
[EventCountry "LTU"]
[SourceTitle "CBM 142 Extra"]
[Source "ChessBase"]
[SourceDate "2011.06.27"]
[SourceVersion "1"]
[SourceVersionDate "2011.06.27"]
[SourceQuality "1"]

1. e4 c5 2. Nf3 Nc6 3. d4 cxd4 4. Nxd4 e5 5. Nb5 d6 6. N1c3 a6 7. Na3 b5 8. Nd5 Nf6 9. Bg5 Qa5+ 10. Bd2 Qd8 11. c4 Nxd5 12. exd5 Ne7 13. Rc1 Nf5 14. Bd3 Be7 15. cxb5 0-0 16. bxa6 Nh4 17. g3 Ng6 18. h4 f5 19. h5 Nh8 20. Qa4 Bg5 21. Rc2 Bxd2+ 22. Kxd2 Qg5+ 23. Kd1 f4 24. Be2 fxg3 25. fxg3 Qxg3 26. Qh4 Qg2 27. Qh2 Qe4 28. h6 g6 29. Re1 Qd4+ 30. Kc1 Bf5 31. Rc3 Rfc8 32. Qg3 Rxc3+ 33. Qxc3 Rc8 34. Bc4 Qf2 35. Qd2 Qb6 36. b3 Qxa6 37. Qb4 Nf7 38. Kb2 Qa7 39. Nb5 Qf2+ 40. Re2 Qg1 41. Qe1 Qg5 42. Qd2 Qg1 43. Re1 Qb6 44. Qe3 Rc5 45. a4 Qb8 46. Qf2 Qd8 47. Qd2 e4 48. Rc1 Ne5 49. Be2 Qf6 50. Ka2 Nd3 51. Bxd3 Rxc1 52. Qxc1 exd3 53. a5 Bd7 54. Qc3 Qf2+ 55. Ka3 Qc5+ 56. b4 Qxc3+ 57. Nxc3 g5 58. Kb2 g4 59. Ne4 Bf5 60. Nd2 g3 61. Kc3 Be4 62. Nxe4 g2 63. Kxd3 g1Q 64. Kc4 Qg4 65. Kd3 Qd1+ 66. Kc4 Qc2+ 67. Nc3 Qc1 68. b5 Qa3 69. a6 Qc5+ 0-1

[Event "LTU-ch"]
[Site "Nemencine"]
[Date "2011.04.26"]
[Round "2"]
[White "Bieliauskas, Marius"]
[Black "Tvarijonas, Povilas"]
[Result "0-1"]
[WhiteElo "2136"]
[BlackElo "2373"]
[PlyCount "84"]
[EventDate "2011.04.25"]
[EventType "swiss"]
[EventRounds "9"]
[EventCountry "LTU"]
[SourceTitle "CBM 142 Extra"]
[Source "ChessBase"]
[SourceDate "2011.06.27"]
[SourceVersion "1"]
[SourceVersionDate "2011.06.27"]
[SourceQuality "1"]

1. d4 d5 2. c4 e6 3. Nf3 Nf6 4. g3 dxc4 5. Bg2 c5 6. Qa4+ Nbd7 7. Qxc4 Nb6 8. Qd3 cxd4 9. 0-0 Be7 10. Nxd4 0-0 11. Nc3 e5 12. Nf5 Bb4 13. Qc2 Qc7 14. Bd2 Nc4 15. Nb5 Qc5 16. Bxb4 Qxb4 17. Ne7+ Qxe7 18. Qxc4 a6 19. Qc7 Qb4 20. Nc3 e4 21. Qf4 Re8 22. Rfd1 Qxb2 23. Nxe4 Nxe4 24. Qxe4 Qb5 25. Qf3 h5 26. Rd2 Rb8 27. h3 Be6 28. Rc1 Qg5 29. Rdc2 Bxa2 30. e3 Be6 31. Rc5 Qg6 32. Qf4 b5 33. Ra1 b4 34. Rxa6 b3 35. Be4 b2 36. Bxg6 fxg6 37. Rc7 b1Q+ 38. Kh2 Rf8 39. Rxg7+ Kxg7 40. Qe5+ Kh6 41. g4 h4 42. Kg2 Qb7+ 0-1

[Event "LTU-ch"]
[Site "Nemencine"]
[Date "2011.04.26"]
[Round "3"]
[White "Tvarijonas, Povilas"]
[Black "Dzenkauskas, Jurgis"]
[Result "1-0"]
[WhiteElo "2373"]
[BlackElo "1878"]
[PlyCount "39"]
[EventDate "2011.04.25"]
[EventType "swiss"]
[EventRounds "9"]
[EventCountry "LTU"]
[SourceTitle "CBM 142 Extra"]
[Source "ChessBase"]
[SourceDate "2011.06.27"]
[SourceVersion "1"]
[SourceVersionDate "2011.06.27"]
[SourceQuality "1"]

1. e4 c5 2. Nf3 Nc6 3. d4 cxd4 4. Nxd4 g6 5. c4 d6 6. Be3 Nf6 7. f3 Bg7 8. Nc3 Nxd4 9. Bxd4 Be6 10. Qa4+ Bd7 11. Qc2 0-0 12. Bd3 Qa5 13. 0-0 Rfc8 14. Rab1 Ng4 15. Bxg7 Qc5+ 16. Kh1 Ne3 17. b4 Qh5 18. g4 Qg5 19. Qd2 Kxg7 20. Nd5 1-0

[Event "LTU-chT 1011"]
[Site "Lithuania"]
[Date "2010.12.05"]
[Round "3"]
[White "Tvarijonas, Povilas"]
[Black "Kalvaitis, Sigitas"]
[Result "1-0"]
[WhiteElo "2373"]
[BlackElo "2327"]
[PlyCount "55"]
[EventDate "2010.11.06"]
[EventType "team-tourn"]
[EventRounds "9"]
[EventCountry "LTU"]
[SourceTitle "EXT 2012"]
[Source "ChessBase"]
[SourceDate "2011.11.24"]
[SourceVersion "1"]
[SourceVersionDate "2011.11.24"]
[SourceQuality "1"]

1. e4 e5 2. Nf3 Nf6 3. Nxe5 d6 4. Nf3 Nxe4 5. Nc3 Nxc3 6. dxc3 Be7 7. Bd3 Nd7 8. Be3 Ne5 9. Nxe5 dxe5 10. Qh5 Bf6 11. 0-0-0 Qe7 12. Kb1 Be6 13. f4 exf4 14. Bc5 Bg4 15. Bb5+ c6 16. Qxg4 Qxc5 17. Qd7+ Kf8 18. Qxb7 Rd8 19. Rxd8+ Bxd8 20. Qd7 Qd5 21. Rd1 Qxd7 22. Rxd7 Bb6 23. Bxc6 g5 24. Bd5 f6 25. b4 Ke8 26. Rb7 Kf8 27. c4 Ke8 28. Bc6+ 1-0

[Event "Dun Laoghaire IM"]
[Site "Dun Laoghaire"]
[Date "2010.08.21"]
[Round "1"]
[White "Tvarijonas, Povilas"]
[Black "Moskow, Eric"]
[Result "0-1"]
[WhiteElo "2370"]
[BlackElo "2193"]
[PlyCount "68"]
[EventDate "2010.08.21"]
[EventType "tourn"]
[EventRounds "9"]
[EventCountry "IRL"]
[EventCategory "3"]
[SourceTitle "CBM 138 Extra"]
[Source "ChessBase"]
[SourceDate "2010.10.29"]
[SourceVersion "1"]
[SourceVersionDate "2010.10.29"]
[SourceQuality "1"]

1. e4 c5 2. Nf3 d6 3. d4 cxd4 4. Nxd4 Nf6 5. Nc3 g6 6. f4 Nc6 7. Nxc6 bxc6 8. e5 Nd7 9. exd6 exd6 10. Be3 Be7 11. Bc4 Nf6 12. Qf3 d5 13. Bb3 0-0 14. h3 Bb4 15. 0-0 Re8 16. Bd4 Ne4 17. Rad1 Bf5 18. Nxe4 Bxe4 19. Qf2 Qe7 20. c3 Bd6 21. Rfe1 Qc7 22. Be3 a5 23. Ba4 Rab8 24. Rd2 Re6 25. Rf1 c5 26. Rfd1 Rf6 27. Rf1 g5 28. Qg3 Rg6 29. Qh2 d4 30. cxd4 cxd4 31. Rxd4 Bxg2 32. Rc1 Qe7 33. Bd2 gxf4 34. Kf2 Qa7 0-1

[Event "Agneaux St Lo IM "]
[Site "Agneaux"]
[Date "2010.07.09"]
[Round "3"]
[White "Dubessay, Bastien"]
[Black "Tvarijonas, Povilas"]
[Result "0-1"]
[WhiteElo "2272"]
[BlackElo "2370"]
[PlyCount "100"]
[EventDate "2010.07.07"]
[EventType "tourn"]
[EventRounds "9"]
[EventCountry "FRA"]
[EventCategory "5"]
[SourceTitle "CBM 137 Extra"]
[Source "ChessBase"]
[SourceDate "2010.09.01"]
[SourceVersion "1"]
[SourceVersionDate "2010.09.01"]
[SourceQuality "1"]

1. d4 d5 2. c4 e6 3. Nc3 Nf6 4. cxd5 exd5 5. Bg5 c6 6. e3 Qb6 7. Qc2 Nbd7 8. Bd3 h6 9. Bh4 Bd6 10. Nf3 a5 11. 0-0 0-0 12. a3 Qc7 13. Rfc1 Qb8 14. Rab1 Re8 15. b4 Ng4 16. Bg3 Bxg3 17. hxg3 Ndf6 18. b5 Qd6 19. bxc6 bxc6 20. Na4 Ne4 21. Bxe4 dxe4 22. Nd2 Qf6 23. Nf1 Ba6 24. Rb3 Bb5 25. Nc5 a4 26. Rc3 Qg6 27. Nh2 Nf6 28. Qd1 h5 29. R3c2 Re7 30. Rb2 Qg5 31. Rcc2 Nd5 32. Nf1 Rd8 33. Nd2 f5 34. Nc4 h4 35. gxh4 Qxh4 36. g3 Qh6 37. Qf1 g5 38. Qg2 g4 39. Kf1 Nb6 40. Rxb5 cxb5 41. Nxb6 Qxb6 42. Rb2 Rc8 43. Qh1 Rh7 44. Qg1 Rc6 45. Ke2 Rxc5 46. dxc5 Qxc5 47. Qb1 Qc4+ 48. Kd2 Rh2 49. Qe1 Qd3+ 50. Kc1 Rh6 0-1

[Event "Baltija Cup"]
[Site "Palanga"]
[Date "2010.06.22"]
[Round "5"]
[White "Tvarijonas, Povilas"]
[Black "Daskevics, Vadims"]
[Result "1-0"]
[WhiteElo "2344"]
[BlackElo "2386"]
[PlyCount "73"]
[EventDate "2010.06.20"]
[EventType "tourn"]
[EventRounds "9"]
[EventCountry "LTU"]
[SourceTitle "EXT 2013"]
[Source "ChessBase"]
[SourceDate "2012.11.22"]
[SourceVersion "1"]
[SourceVersionDate "2012.11.22"]
[SourceQuality "1"]

1. e4 c5 2. Nf3 Nc6 3. d4 cxd4 4. Nxd4 Nf6 5. Nc3 d6 6. Bg5 Bd7 7. Qd2 Rc8 8. f4 Nxd4 9. Qxd4 Qa5 10. e5 dxe5 11. fxe5 e6 12. 0-0-0 Bc6 13. Bb5 Nd5 14. Nxd5 Bxb5 15. Qxa7 Bb4 16. Qxb7 0-0 17. Nxb4 Qxb4 18. Rd2 Qa5 19. a3 Bc6 20. Qb4 Qxe5 21. Be7 Rfe8 22. Bd6 Qf5 23. Re1 Red8 24. Qf4 Qxf4 25. Bxf4 Rxd2 26. Kxd2 Bxg2 27. b4 Bd5 28. b5 f6 29. Bd6 Rd8 30. Bc7 Rd7 31. b6 Kf7 32. Ke3 e5 33. Rd1 Ke6 34. Rxd5 Kxd5 35. b7 Rxc7 36. b8Q Rc3+ 37. Kd2 1-0

[Event "Baltija Cup"]
[Site "Palanga"]
[Date "2010.06.21"]
[Round "3"]
[White "Tvarijonas, Povilas"]
[Black "Peleshev, Leonid"]
[Result "1-0"]
[WhiteElo "2344"]
[BlackElo "2282"]
[PlyCount "111"]
[EventDate "2010.06.20"]
[EventType "tourn"]
[EventRounds "9"]
[EventCountry "LTU"]
[SourceTitle "EXT 2013"]
[Source "ChessBase"]
[SourceDate "2012.11.22"]
[SourceVersion "1"]
[SourceVersionDate "2012.11.22"]
[SourceQuality "1"]

1. e4 e5 2. Nf3 Nc6 3. Bb5 a6 4. Ba4 Nf6 5. 0-0 Be7 6. Re1 b5 7. Bb3 d6 8. c3 0-0 9. d4 Bg4 10. Be3 Na5 11. dxe5 Bxf3 12. Qxf3 dxe5 13. Nd2 Nxb3 14. Nxb3 Nd7 15. Rad1 Bd6 16. c4 bxc4 17. Na5 c3 18. bxc3 Qe7 19. Rd3 Qe6 20. Red1 Qxa2 21. Nb7 Rfb8 22. Nxd6 cxd6 23. Rxd6 Nf8 24. h4 Rb1 25. Kh2 Rxd1 26. Qxd1 a5 27. Rd8 Rxd8 28. Qxd8 Qc4 29. Qxa5 Qxe4 30. g3 Ne6 31. Qb5 g5 32. hxg5 Kg7 33. Qb4 Qf5 34. Qh4 Kf8 35. c4 Ke8 36. c5 e4 37. c6 Qd5 38. Qxh7 Qxc6 39. g6 fxg6 40. Qxg6+ Kd7 41. Qf7+ Kd6 42. g4 Kd5 43. Kg2 Kc4 44. Qa7 Kd3 45. Qa3+ Ke2 46. Qa2+ Kd3 47. Qb3+ Ke2 48. Qb2+ Kd3 49. Qb1+ Kc4 50. g5 Kd5 51. Qd1+ Ke5 52. Qa1+ Kf5 53. Qf6+ Kg4 54. g6 Qe8 55. f3+ Kh5 56. Qf5+ 1-0

[Event "LTU-chT 0910"]
[Site "Lithuania"]
[Date "2010.01.17"]
[Round "5.42"]
[White "Tvarijonas, Povilas"]
[Black "Balciunas, Ignas"]
[Result "1-0"]
[WhiteElo "2339"]
[BlackElo "2044"]
[PlyCount "65"]
[EventDate "2009.11.07"]
[EventType "team-tourn"]
[EventRounds "9"]
[EventCountry "LTU"]
[SourceTitle "EXT 2022"]
[Source "ChessBase"]
[SourceDate "2021.10.06"]
[SourceVersion "1"]
[SourceVersionDate "2021.10.06"]
[SourceQuality "1"]
[WhiteTeam "Kaunas Trys nuliai"]
[BlackTeam "Kaunas Margiris II"]
[WhiteTeamCountry "LTU"]
[BlackTeamCountry "LTU"]

1. e4 e5 2. Nf3 Nc6 3. Bb5 a6 4. Ba4 d6 5. 0-0 g6 6. c3 Bg7 7. d4 b5 8. Bc2 Nge7 9. a4 Bg4 10. d5 Na5 11. Qe2 Bd7 12. b4 Nc4 13. Bd3 Nb6 14. axb5 axb5 15. Rxa8 Qxa8 16. Bxb5 0-0 17. Be3 Qb7 18. Bxb6 Bxb5 19. Qxb5 Qxb6 20. Qd7 Nc8 21. Nbd2 Qb7 22. Nc4 Nb6 23. Qb5 f5 24. Ng5 fxe4 25. Nxb6 Qxb6 26. Qd7 Kh8 27. Ne6 Rg8 28. Ra1 Qb8 29. Qxc7 Qxc7 30. Nxc7 Rc8 31. Ra8 Rxa8 32. Nxa8 e3 33. fxe3 1-0